Rāmacaritamānasa kā tulanātmaka adhyayana. (Record no. 62183)

MARC details
000 -LEADER
fixed length control field 00629cam a22002291 4500
001 - CONTROL NUMBER
control field sa 65001720
003 - CONTROL NUMBER IDENTIFIER
control field DLC
005 - DATE AND TIME OF LATEST TRANSACTION
control field 20260227112111.0
008 - FIXED-LENGTH DATA ELEMENTS--GENERAL INFORMATION
fixed length control field 900109s1964 ii b 000 0 hino
010 ## - LIBRARY OF CONGRESS CONTROL NUMBER
LC control number sa 65001720
035 ## - SYSTEM CONTROL NUMBER
System control number (OCoLC)20865099
040 ## - CATALOGING SOURCE
Original cataloging agency DLC
Transcribing agency WaU
Modifying agency DLC
042 ## - AUTHENTICATION CODE
Authentication code premarc
050 00 - LIBRARY OF CONGRESS CALL NUMBER
Classification number PK2095.T8
Item number R349
100 1# - MAIN ENTRY--PERSONAL NAME
Personal name Śukla, Śivakumāra,
Dates associated with a name 1904-
245 10 - TITLE STATEMENT
Title Rāmacaritamānasa kā tulanātmaka adhyayana.
260 ## - PUBLICATION, DISTRIBUTION, ETC.
Date of publication, distribution, etc. [1964]
300 ## - PHYSICAL DESCRIPTION
Extent 421, 5 p.
Dimensions 23 cm.
500 ## - GENERAL NOTE
General note In Hindi.
504 ## - BIBLIOGRAPHY, ETC. NOTE
Bibliography, etc. note Bibliography: p. [1]-5 (2d group)
600 00 - SUBJECT ADDED ENTRY--PERSONAL NAME
Personal name Tulasīdāsa,
Dates associated with a name 1532-1623.
Title of a work Rāmacaritamānasa.

No items available.

Powered by Koha